Score 0/50 Timer 10:00
0 Plays Today
Average County Pop. Density State Name % Correct
637,000California
96.6%
471,000Massachusetts
77.7%
315,000New York
66.3%
415,000New Jersey
65.1%
440,000Connecticut
63.4%
440,000Arizona
60.6%
295,000Delaware
60.6%
277,000Florida
58.9%
237,000Maryland
57.7%
211,000Rhode Island
56%
259,000Hawaii
54.3%
188,000Pennsylvania
52.6%
131,000Ohio
50.3%
171,000Washington
48.6%
98,000Texas
48.6%
155,000Nevada
46.3%
132,000New Hampshire
44.6%
120,000Michigan
44.6%
24,000Wyoming
44.6%
12,000North Dakota
44.6%
126,000Illinois
44%
17,000Montana
44%
12,000South Dakota
44%
98,000Oregon
42.3%
19,000Nebraska
41.1%
Average County Pop. Density State Name % Correct
99,000South Carolina
40.6%
94,000North Carolina
40.6%
96,000Utah
40%
27,000Kansas
39.4%
31,000Iowa
38.9%
70,000Indiana
38.3%
79,000Wisconsin
37.7%
82,000Maine
37.1%
66,000Tennessee
37.1%
79,000Colorado
36%
44,000Vermont
36%
35,000Idaho
36%
62,000Georgia
35.4%
34,000Alaska
35.4%
70,000Alabama
34.9%
48,000Oklahoma
34.3%
39,000Arkansas
34.3%
36,000Kentucky
34.3%
70,000Louisiana
33.1%
59,000Virginia
33.1%
36,000Mississippi
33.1%
61,000New Mexico
32.6%
52,000Missouri
32.6%
52,000Minnesota
32.6%
33,000West Virginia
31.4%
Remove Ads.
Support Sporcle.
Get the best of Sporcle when you Go Orange. This ad-free experience offers more features, more stats, and more fun while also helping to support Sporcle. Thank you for becoming a member.

You're not logged in!

Compare scores with friends on all Sporcle quizzes.
OR
Log In

Show Comments

Extras

Top Quizzes Today


Score Distribution

Your Account Isn't Verified!

In order to create a playlist on Sporcle, you need to verify the email address you used during registration. Go to your Sporcle Settings to finish the process.

Report this User

Report this user for behavior that violates our Community Guidelines.

Details: